[Event "70th ch-ITA S/F"]
[Site "Torino ITA"]
[Date "2010.06.25"]
[Round "7"]
[White "Nikolajevic,T"]
[Black "Di Trapani,D"]
[Result "0-1"]
[WhiteElo "1914"]
[BlackElo "1926"]

1.Nf3 d5 2.g3 Nf6 3.Bg2 e6 4.O-O Be7 5.b3 c5 6.e3 Nc6 7.Bb2 Qc7 8.d4 b6 9.Nbd2 O-O
10.a3 Ba6 11.Re1 Rad8 12.c4 dxc4 13.bxc4 Na5 14.Qc2 Ne8 15.Rac1 cxd4 16.exd4 Rc8
17.Bf1 Nd6 18.c5 Bxf1 19.Kxf1 bxc5 20.dxc5 Ndb7 21.c6 Qxc6 22.Qxc6 Rxc6 23.Rxc6 Nxc6
24.Rc1 Nba5 25.Nb3 Nxb3 26.Rxc6 Bc5 27.a4 h6 28.Rc7 Rd8 29.Kg2 f6 30.h4 e5
31.Bc3 Rd3 32.Be1 e4 33.Nd2 Bb6 34.Rc8+ Kh7 35.Nxb3 Rxb3 36.a5 Bd4 37.Rc4 Rd3
38.a6 Kg6 39.Ra4 Kf5 40.Ra2 Kg4 41.Rd2 Rxd2 42.Bxd2 g5 43.hxg5 hxg5 44.Bc1 f5
45.Bd2 f4 46.gxf4 gxf4 47.Bc1 Bc3 48.Kg1 Kf3 49.Kf1 e3 50.fxe3 fxe3 51.Bxe3 Kxe3
52.Kg2 Kd4 53.Kf3 Kc5 54.Ke4 Kb6 55.Kd3 Bh8 56.Kc2 Kxa6 57.Kb3 Kb5 58.Ka3 a5
59.Kb3 a4+ 60.Ka3 Bg7 61.Ka2 Kb4  0-1

[Event "Open"]
[Site "Eforie Nord ROU"]
[Date "2010.06.26"]
[Round "10"]
[White "Badea,B"]
[Black "Grunberg,M"]
[Result "1-0"]
[WhiteElo "2495"]
[BlackElo "2391"]

1.Nf3 d5 2.g3 c6 3.Bg2 Nf6 4.O-O Bg4 5.b3 Nbd7 6.Bb2 e6 7.d3 Bd6 8.h3 Bxf3
9.Bxf3 O-O 10.Nd2 a5 11.a3 Qb6 12.Kh1 Rfd8 13.Bg2 a4 14.b4 c5 15.bxc5 Qxb2
16.cxd6 Nc5 17.Qb1 Qe5 18.e3 Qxd6 19.Qb4 b5 20.d4 Nce4 21.Nxe4 Nxe4 22.Qxb5 Nd2
23.Rfd1 Nc4 24.Qb4 Rab8 25.Qxd6 Rxd6 26.e4 dxe4 27.Bxe4 Nb2 28.Rab1 Rbb6
29.Rd2 f5 30.Bf3 Nc4 31.Rxb6 Rxb6 32.Rd3 Rb1+ 33.Kg2 Ra1 34.Bc6 Kf7 35.Rc3 Nb6
36.Bb5 Rb1 37.Rc7+ Kf6 38.Be8 e5 39.dxe5+ Kxe5 40.Rxg7 Kd4 41.Rxh7 Re1 42.Rh4+  1-0

[Event "Open"]
[Site "Eforie Nord ROU"]
[Date "2010.06.26"]
[Round "10"]
[White "Taras,D"]
[Black "Baciu,D"]
[Result "1/2-1/2"]
[WhiteElo "2285"]
[BlackElo "2127"]

1.Nf3 d5 2.g3 Nf6 3.Bg2 Nbd7 4.O-O e5 5.d3 Bd6 6.Re1 O-O 7.e4 c6 8.Nbd2 Qc7
9.c3 Re8 10.Qc2 a5 11.a4 dxe4 12.dxe4  1/2-1/2

[Event "1st Open"]
[Site "Marrakesh MAR"]
[Date "2010.06.26"]
[Round "1"]
[White "Arif,Fadoua"]
[Black "Luther,T"]
[Result "0-1"]
[WhiteElo "1850"]
[BlackElo "2541"]

1.Nf3 d5 2.g3 Nd7 3.d4 e6 4.Bg2 b5 5.Bf4 Ngf6 6.Ne5 c5 7.c3 Bb7 8.Nd2 Be7
9.O-O O-O 10.Re1 a5 11.e4 cxd4 12.cxd4 dxe4 13.Nxe4 Nxe4 14.Bxe4 Bxe4 15.Rxe4 Nf6
16.Nc6 Qe8 17.Nxe7+ Qxe7 18.Re5 Nd5 19.Qd2 Rfc8 20.Rae1 Qb4 21.Qxb4 axb4
22.Rc1 Rxc1+ 23.Bxc1 Rxa2 24.Re2 b3 25.Kf1 Kf8 26.Ke1 Ke7 27.Kd1 Ra1 28.f4 g6
29.Kd2 Nb4 30.Re5 Na2 31.Rxb5 Rxc1 32.Rxb3 Rh1 33.Kc2 Kd6 34.Rb5 h5 35.Kb3 Nc1+
36.Kc4 Rxh2 37.Rb6+ Kc7 38.Rb5 Rc2+  0-1

[Event "1st Open"]
[Site "Marrakesh MAR"]
[Date "2010.06.26"]
[Round "2"]
[White "Hamdouchi,A"]
[Black "Berelowitsch,A"]
[Result "0-1"]
[WhiteElo "2329"]
[BlackElo "2566"]

1.Nf3 d5 2.g3 c5 3.Bg2 Nc6 4.O-O e5 5.d3 f6 6.e4 d4 7.Nh4 Be6 8.Nd2 Qd7 9.f4 Bd6
10.Nc4 Nge7 11.fxe5 Nxe5 12.Nxd6+ Qxd6 13.Nf5 Nxf5 14.exf5 Bd5 15.Bxd5 Qxd5
16.Bf4 O-O 17.Bxe5 Qxe5 18.Qf3 Rfe8 19.Kf2 c4 20.Rae1 Qb5 21.dxc4 Qxc4 22.Qb3 Qxb3
23.axb3 Rec8 24.Re2 Rc5 25.Ke1 Rd8 26.Rf3 Rdd5 27.Kd2 Rxf5 28.Rxf5 Rxf5 29.Kd3 Kf7
30.Kxd4 h5 31.c4 h4 32.gxh4 Rh5 33.b4 Rxh4+ 34.Kd5 f5 35.b5 f4 36.c5 f3 37.Rf2 Rf4
38.Kd6 g5 39.Kc7 Ke6 40.Kxb7 Rf7+ 41.Kb8 g4 42.c6 Rf5 43.Kxa7 Rxb5 44.Rc2 f2
45.c7 Ra5+ 46.Kb6 Rb5+ 47.Kc6  0-1

[Event "24th Open"]
[Site "Pula CRO"]
[Date "2010.06.26"]
[Round "9"]
[White "Predojevic,B"]
[Black "Jovanic,O"]
[Result "1/2-1/2"]
[WhiteElo "2628"]
[BlackElo "2530"]

1.Nf3 d5 2.g3 Nf6 3.Bg2 Bf5 4.O-O e6 5.d3 Be7 6.c4 c6 7.Nc3 O-O 8.Qb3 Qc8
9.Be3 Nbd7 10.Rfc1 Qb8 11.Nh4 Bg4 12.h3 Bh5 13.cxd5 Nxd5 14.Nxd5 cxd5 15.Nf3 Bd6
16.Rc2 Bxf3 17.Bxf3 Bxg3 18.fxg3 Qxg3+ 19.Kf1 Qxh3+ 20.Kf2 Qh2+ 21.Ke1 Ne5
22.d4 Nxf3+ 23.exf3 Qh4+ 24.Ke2 e5 25.Bf2  1/2-1/2

[Event "70th ch-ITA S/F"]
[Site "Torino ITA"]
[Date "2010.06.26"]
[Round "8"]
[White "Molina,Fa"]
[Black "Bianco,V"]
[Result "1/2-1/2"]
[WhiteElo "2211"]
[BlackElo "2210"]

1.Nf3 d5 2.g3 Nf6 3.Bg2 Bf5 4.O-O Nbd7 5.c4 e6 6.b3 Bd6 7.Bb2 h6 8.d3 O-O
9.Nbd2 c6 10.e4 dxe4 11.dxe4 Bxe4 12.Nxe4 Nxe4 13.Re1 Ndf6 14.Qc2 Ng5 15.Nd4 Ngh7
16.Rad1 Qc7 17.a3 Rfe8 18.b4 Be7 19.Qc3 Bf8 20.Re3 Rad8 21.Red3 Rd7 22.f4 c5
23.Nc2 Red8 24.b5 Rxd3 25.Rxd3 Rxd3 26.Qxd3 Ne8 27.Ne1 Nhf6 28.Be5 Bd6 29.Bc3 Nd7
30.Qe4 b6 31.Nd3 Nef6 32.Qe2 Ne8 33.Bc6 Nef6 34.Bg2 Nh7 35.Bc6 Nhf6 36.a4 a5
37.Bf3 Nh7 38.Bg2 Nhf8 39.Qb2 f6 40.Qe2 Qd8 41.Qe4 Bb8 42.Qc6 Kh8 43.Qe4 Bd6
44.Bh3 Qe7 45.Nf2 Qf7 46.Qc6 Be7 47.Bg2 Kg8 48.Qc8 Bd6 49.Qc6 Bb8 50.Bf3  1/2-1/2

[Event "70th ch-ITA S/F"]
[Site "Torino ITA"]
[Date "2010.06.26"]
[Round "8"]
[White "Caprio,G"]
[Black "Vezzosi,P"]
[Result "0-1"]
[WhiteElo "2224"]
[BlackElo "2367"]

1.Nf3 d5 2.g3 c6 3.Bg2 Bf5 4.O-O e6 5.d3 Nf6 6.Nbd2 Be7 7.Qe1 h6 8.e4 Bh7
9.Ne5 Na6 10.Kh1 Nc5 11.Qe3 Qb6 12.b3 Ncd7 13.Bb2 Qxe3 14.fxe3 Nxe5 15.Bxe5 O-O
16.Rae1 Rfd8 17.h3 Bb4 18.Re2 Bxd2 19.Bxf6 gxf6 20.Rxd2 dxe4 21.d4 f5 22.c4 Rd7
23.Rfd1 Rad8 24.Bf1 Bg6 25.Be2 Kf8 26.Kg2 Ke7 27.Kf2 f6 28.a3 Bf7 29.Ke1 b6
30.h4 a5 31.Rc1 c5 32.Rcd1 cxd4 33.Rxd4 Rxd4 34.Rxd4 Rxd4 35.exd4 e5 36.d5 f4
37.gxf4 exf4 38.Bg4 Kd6 39.b4 axb4 40.axb4 e3 41.Ke2 Bg6 42.Bf3 Bc2 43.Bg2 f5
44.Bf3 Be4 45.Bh5 b5 46.c5+ Kxd5 47.Bf3 Ke5 48.Bh5 Kd4 49.Bf3 Bxf3+ 50.Kxf3 Kd3
51.c6 e2 52.c7 e1=Q 53.c8=Q Qf1+  0-1

[Event "5th Open"]
[Site "Wroclaw POL"]
[Date "2010.06.27"]
[Round "2"]
[White "Hetzer,V"]
[Black "Limontaite,S"]
[Result "0-1"]
[WhiteElo "2063"]
[BlackElo "2230"]

1.Nf3 d5 2.g3 Nf6 3.Bg2 c6 4.d3 Bg4 5.Nbd2 Nbd7 6.O-O e6 7.e4 Be7 8.h3 Bh5
9.Re1 dxe4 10.dxe4 O-O 11.Nc4 Bxf3 12.Bxf3 e5 13.Bd2 Re8 14.Ba5 b6 15.Bc3 Qc7
16.Qe2 Bf8 17.h4 b5 18.Ba5 Qb7 19.Ne3 Nc5 20.Ng4 Nfd7 21.Red1 Nb6 22.b3 h5
23.Ne3 g6 24.Bc3 Nbd7 25.Ng2 Ne6 26.Bb2 Bg7 27.c3 a5 28.Rd2 a4 29.Rad1 Nb6
30.b4 Nc4 31.Rd3 c5 32.Rd7 Qc8 33.R7d5 a3 34.Ba1 Rb8 35.bxc5 Nxc5 36.Ne3 Nb6
37.Rd6 Bf8 38.R6d2 Bh6 39.Nd5 Nxd5 40.Rxd5 Na4  0-1

[Event "IsBank TCh-TUR"]
[Site "Konya TUR"]
[Date "2010.06.29"]
[Round "1"]
[White "Margvelashvili,G"]
[Black "Karakehajov,K"]
[Result "1-0"]
[WhiteElo "2529"]
[BlackElo "2505"]

1.Nf3 d5 2.g3 Nf6 3.Bg2 e6 4.O-O Be7 5.b3 O-O 6.c4 b6 7.Bb2 Bb7 8.e3 c5 9.Nc3 Nbd7
10.d3 Qc7 11.Qe2 Rad8 12.Rad1 Qb8 13.Nh4 Qa8 14.f4 Rfe8 15.g4 h6 16.Nb5 Qb8
17.g5 hxg5 18.fxg5 Nh7 19.Rxf7 Ne5 20.Rff1 Nd7 21.Rf7 Ne5 22.g6 Nf6 23.Rf1 Nxf7
24.gxf7+ Kxf7 25.Qh5+ Kg8 26.Bxf6 Bxf6 27.Rxf6 gxf6 28.Qg6+ Kh8 29.Qh6+ Kg8
30.Ng6 e5 31.Qh8+ Kf7 32.Qh7+ Ke6 33.cxd5+ Rxd5 34.Bxd5+ Bxd5 35.Nc7+ Kd6
36.Nxd5 Rg8 37.Nxf6  1-0

[Event "IsBank TCh-TUR"]
[Site "Konya TUR"]
[Date "2010.06.30"]
[Round "3"]
[White "Tuncer,U"]
[Black "Tanrikulu,E"]
[Result "0-1"]
[WhiteElo "2315"]
[BlackElo "2259"]

1.Nf3 d5 2.g3 Nf6 3.Bg2 Bf5 4.O-O e6 5.d3 Be7 6.c4 O-O 7.Qb3 Qc8 8.Nc3 c6
9.Be3 Nbd7 10.Rac1 dxc4 11.Qxc4 e5 12.Qa4 Re8 13.Ng5 h6 14.Nge4 Nb6 15.Qb3 Be6
16.Qd1 Nfd5 17.Nxd5 Bxd5 18.a3 Qe6 19.Qd2 Rad8 20.Qa5 f5 21.Nc3 Bxg2 22.Kxg2 Nd5
23.Nxd5 Rxd5 24.Qxa7 f4 25.Bc5 Bxc5 26.Rxc5 e4 27.Rxd5 f3+ 28.exf3 exf3+
29.Kxf3 Qxd5+ 30.Kg4 Qxd3 31.Rg1 Qd7+ 32.Kf3 Qd5+ 33.Kg4 Qe6+ 34.Kh4 g5+
35.Kh5 Qh3+  0-1

[Event "IsBank TCh-TUR"]
[Site "Konya TUR"]
[Date "2010.07.01"]
[Round "4"]
[White "Ozturk,Ku"]
[Black "Yildiz,B"]
[Result "1-0"]
[WhiteElo "2273"]
[BlackElo "2229"]

1.Nf3 d5 2.g3 c5 3.d4 cxd4 4.Nxd4 e5 5.Nb3 Nc6 6.Bg2 Be6 7.Nc3 d4 8.Ne4 Bd5
9.O-O f5 10.Ng5 Bxg2 11.Kxg2 Be7 12.e4 Bxg5 13.Qh5+ g6 14.Qxg5 Qxg5 15.Bxg5 h6
16.Bd2 b6 17.Rfe1 Nf6 18.exf5 gxf5 19.Bf4 e4 20.Red1 Rd8 21.Nxd4 Rxd4 22.Rxd4 Nxd4
23.Be5 Nxc2 24.Rc1 Ne3+ 25.fxe3 O-O 26.Rc6 Nd5 27.Bd4 Nb4 28.Rxh6 Nc2 29.Rh8+ Kf7
30.Rxf8+ Kxf8 31.Kf2 Nb4 32.g4 fxg4 33.Kg3 Kf7 34.Kxg4 Ke6 35.Kf4 Kd5 36.h4  1-0

[Event "1st Open"]
[Site "Marrakesh MAR"]
[Date "2010.07.01"]
[Round "8"]
[White "Hamdouchi,A"]
[Black "Levieux,M"]
[Result "1-0"]
[WhiteElo "2329"]
[BlackElo "1841"]

1.Nf3 d5 2.g3 Bg4 3.Bg2 c6 4.c4 e6 5.cxd5 cxd5 6.Qa4+ Qd7 7.Qd4 Nc6 8.Qa4 a6
9.d3 b5 10.Qd1 Rc8 11.O-O Nf6 12.Bg5 Qe7 13.a3 h6 14.Bxf6 Qxf6 15.Nc3 g5
16.e4 d4 17.e5 Nxe5 18.Ne4 Qg7  1-0

[Event "XVIII Open"]
[Site "Montcada i Reixac ESP"]
[Date "2010.07.01"]
[Round "7"]
[White "Karlsson,L"]
[Black "Bruzon Batista,L"]
[Result "0-1"]
[WhiteElo "2453"]
[BlackElo "2668"]

1.g3 d5 2.Nf3 Nc6 3.d4 Bf5 4.Bg2 Nb4 5.O-O Bxc2 6.Qd2 e6 7.a3 Bxb1 8.Rxb1 Nc6
9.b4 Nf6 10.Bb2 Bd6 11.Ne5 Ne7 12.Qc2 O-O 13.Nd3 c6 14.f3 Nf5 15.e4 Ne3 16.Qe2 dxe4
17.fxe4 Nxf1 18.e5 Nd5 19.Bxd5 exd5 20.exd6 Nxg3 21.hxg3 Qxd6 22.Qf3 Rae8
23.Rf1 Re4 24.b5 Qe7 25.Nf4 Re8 26.bxc6 bxc6 27.Ng2 f6 28.Bc3 Qxa3 29.Ra1 Qb3
30.Rxa7 R4e7 31.Rxe7 Rxe7 32.Qd3 g6 33.Kf2 Ra7 34.Nf4 Ra2+ 35.Ne2 Kf7 36.Qe3 Qd1
37.g4 Qh1 38.Qf4 Qh4+ 39.Ke3 Qg5 40.Qxg5 fxg5 41.Bb4 h5 42.Bd6 Ke6 43.Bc7 Ra3+
44.Kf2 Rd3 45.Bd8 hxg4 46.Bc7 Rf3+ 47.Kg2 Rf7 48.Bd8 Kf5 49.Ng3+ Kf4 50.Kf2 Rb7
51.Ne2+ Ke4 52.Bxg5 Rb2 53.Kf1 g3 54.Ng1 Rb4  0-1

[Event "38th World Open"]
[Site "King of Prussia USA"]
[Date "2010.07.02"]
[Round "4"]
[White "Ehlvest,J"]
[Black "Amanov,M"]
[Result "1/2-1/2"]
[WhiteElo "2591"]
[BlackElo "2479"]

1.Nf3 d5 2.g3 c6 3.Bg2 Bg4 4.O-O Nd7 5.d3 Ngf6 6.c4 dxc4 7.dxc4 e5 8.Nc3 Be7
9.Qc2 O-O 10.b3 Re8 11.h3 Bh5 12.Nh4 Nc5 13.Bb2 Qc7 14.g4 Bg6 15.Nxg6 hxg6
16.Rad1 Rad8 17.e3 Rxd1 18.Rxd1 Rd8 19.b4 Rxd1+ 20.Qxd1 Ne6 21.a3 Nd7 22.Ne4 Nf6
23.Nd2 a5 24.Bc3 Nd7 25.Nb3 axb4 26.axb4 Qd6 27.Qxd6 Bxd6 28.Na5 c5 29.bxc5 Nexc5
30.Nxb7 Nxb7 31.Bxb7 Nb6 32.Ba6 Kf8 33.h4 Ke7 34.Kg2 Ke6 35.Bb5 Be7 36.Kg3 f6
37.f4 Nc8 38.fxe5 fxe5 39.Bc6 Nb6 40.e4 Bc5 41.Bd5+ Kd6 42.g5 Na4 43.Bd2 Ke7
44.Kg4 Nb2 45.h5 gxh5+ 46.Kxh5 Nd3 47.Kg6 Kf8 48.Kf5 Ke7 49.g6 Kd7 50.Be6+ Kd8
51.Bh6 Bf8 52.Be3 Bd6 53.Bb6+ Ke7 54.Bc8 Bb4 55.Ba6 Bc5 56.Ba5 Bb4 57.Bxb4+ Nxb4
58.Bb5 Nd3 59.c5 Nxc5 60.Kxe5 Nxe4 61.Kxe4 Kf8  1/2-1/2

[Event "IsBank TCh-TUR"]
[Site "Konya TUR"]
[Date "2010.07.02"]
[Round "5"]
[White "Miroshnichenko,E"]
[Black "Citak,S"]
[Result "1-0"]
[WhiteElo "2684"]
[BlackElo "2340"]

1.Nf3 d5 2.g3 Nf6 3.Bg2 e6 4.O-O Be7 5.d3 O-O 6.Nbd2 c5 7.e4 Nc6 8.Re1 Qc7
9.e5 Nd7 10.Qe2 b5 11.Nf1 b4 12.Bf4 a5 13.Ne3 Qd8 14.h4 a4 15.a3 bxa3 16.bxa3 Ba6
17.c4 Nb6 18.Ng5 h6 19.Nh3 Nd4 20.Qg4 Kh7 21.Rab1 Nb3 22.Qh5 Bb7 23.Ng4  1-0

[Event "IsBank TCh-TUR"]
[Site "Konya TUR"]
[Date "2010.07.02"]
[Round "6"]
[White "Ari,Z"]
[Black "Ali Marandi,C"]
[Result "1-0"]
[WhiteElo "2184"]
[BlackElo "2105"]

1.Nf3 d5 2.g3 Bg4 3.Bg2 Nd7 4.c4 e6 5.cxd5 exd5 6.O-O Bd6 7.Qb3 Ne7 8.d3 O-O
9.Nc3 c6 10.e4 Bxf3 11.Bxf3 Ne5 12.Be2 d4 13.Nb1 c5 14.Nd2 Rb8 15.f4 Nd7
16.a4 a6 17.Nc4 Bc7 18.a5 Nc6 19.Qa4 Na7 20.Ra2 Nb5 21.Bd2 Nf6 22.Kg2 Re8
23.Bf3 Qd7 24.h3 Kh8 25.Raa1 g6 26.Qb3 Rbd8 27.Rae1 Ng8 28.Re2 Ne7 29.Rfe1 Nc6
30.e5 Ne7 31.e6 fxe6 32.Rxe6 Nc6 33.Nb6 Bxb6 34.axb6 Ne7 35.g4 Nd6 36.f5 gxf5
37.Bg5 c4 38.Bf6+ Kg8 39.dxc4 Ng6 40.Rxe8+ Rxe8 41.c5+ Nf7 42.c6 bxc6 43.Rxe8+ Qxe8
44.b7 Qb8  1-0

[Event "5th Open"]
[Site "Wroclaw POL"]
[Date "2010.07.02"]
[Round "9"]
[White "Markus,Rob"]
[Black "Fridman,D2"]
[Result "1/2-1/2"]
[WhiteElo "2615"]
[BlackElo "2654"]

1.Nf3 d5 2.g3 Nf6 3.Bg2 c5 4.O-O Nc6 5.c4 e5 6.d3 Be7 7.Bg5 d4 8.e3 dxe3
9.Bxe3 O-O 10.Nc3 Bg4 11.h3 Bf5 12.Re1 Bxd3 13.Nd5 e4 14.Nd2 Nxd5 15.cxd5 Qxd5
16.Nxe4 Bxe4 17.Qxd5 Bxd5 18.Bxd5 Rac8 19.Rad1 b6 20.Bxc6 Rxc6 21.Rd7 Bf6
22.Rxa7 Bxb2 23.Rb1 Bc3 24.Ra6 Bb4 25.a3 Ba5 26.Rb5 Rfc8 27.Bxc5 Rxc5 28.Rxc5 bxc5
29.Rxa5 c4 30.Rd5 c3 31.Rd1 c2 32.Rc1 Kf8 33.a4  1/2-1/2

[Event "ch-IRL"]
[Site "Dublin IRL"]
[Date "2010.07.04"]
[Round "2"]
[White "Brady,S"]
[Black "Orr,M"]
[Result "0-1"]
[WhiteElo "2376"]
[BlackElo "2247"]

1.Nf3 d5 2.g3 c6 3.Bg2 Bg4 4.O-O Nf6 5.c4 e6 6.Qb3 Qb6 7.Qc2 Nbd7 8.d3 Be7
9.cxd5 exd5 10.Nc3 O-O 11.h3 Bxf3 12.Bxf3 d4 13.Ne4 Nxe4 14.Bxe4 Nf6 15.Bf3 Qd8
16.Qc4 Qd7 17.Kh2 c5 18.Bd2 Rac8 19.a4 h6 20.Rfc1 Bd6 21.Kg2 b6 22.Rc2 a5
23.Qa6 Rb8 24.Rc4 Rfc8 25.Rac1 Rc7 26.e3 Be5 27.exd4 Bxd4 28.Rxd4 Qxd4 29.Bf4 Rcc8
30.Qa7 Qd8 31.Bxb8 Rxb8 32.d4 Nd7 33.dxc5 Nxc5 34.Rd1 Qf8 35.Bd5 Kh8 36.b3 f5
37.Qc7 Ne4 38.Re1 Qd6 39.Qxd6 Nxd6 40.Re6 Rd8 41.Kf3 Nf7 42.Re8+ Rxe8 43.Bxf7 Re5
44.Kf4 Rc5 45.h4 Rc7 46.Bg6 Rc3 47.Bf7 g6 48.Bxg6 Rxb3 49.Be8 Kg7 50.Kxf5 Rf3+
51.Ke6 Rxf2 52.Kd6 Rc2 53.Bc6 Kf6 54.Kc7 Rb2 55.Kb7 Ke5 56.g4 Kd6 57.g5 hxg5
58.hxg5 Kc5 59.g6 Re2 60.Bb5 Re6 61.Bd3 b5  0-1

[Event "ch-NOR"]
[Site "Fredrikstad NOR"]
[Date "2010.07.04"]
[Round "2"]
[White "Stokke,K"]
[Black "Moen,A"]
[Result "1/2-1/2"]
[WhiteElo "2401"]
[BlackElo "2326"]

1.Nf3 d5 2.g3 Nf6 3.Bg2 c6 4.c4 Bf5 5.cxd5 cxd5 6.Qb3 Qb6 7.Qxb6 axb6 8.Nc3 Nc6
9.d3 e5 10.O-O Ra5 11.Bd2 d4 12.Ne4 Bxe4 13.dxe4 Rb5 14.Bc1 Nxe4 15.Nxd4 Nxd4
16.Bxe4 Nxe2+ 17.Kg2 Nxc1 18.Raxc1 Bc5 19.Rc2 O-O 20.Bxb7 Bd4 21.b3 Rd8 22.Rd1 Kf8
23.Be4  1/2-1/2

[Event "IsBank TCh-TUR"]
[Site "Konya TUR"]
[Date "2010.07.04"]
[Round "7"]
[White "Miroshnichenko,E"]
[Black "Gagunashvili,M"]
[Result "1/2-1/2"]
[WhiteElo "2684"]
[BlackElo "2580"]

1.Nf3 d5 2.g3 Nf6 3.Bg2 c6 4.c4 Bg4 5.Ne5 Be6 6.cxd5 Bxd5 7.Nf3 c5 8.Nc3 Bc6
9.O-O e6 10.Qc2 Bd6 11.Rd1 O-O 12.d4 cxd4 13.Nxd4 Bxg2 14.Kxg2 Qb6 15.Be3 Ng4
16.Qe4 Nxe3+ 17.Qxe3 Bb4 18.Rac1 Na6 19.a3 Bxc3 20.Qxc3 Rad8 21.b4 Nb8 22.a4 a6
23.a5 Qd6 24.Rd3 Qe7 25.Rcd1 Rc8 26.Qb3 Rfd8 27.f3 h6 28.Rc3 g6 29.Rdc1 Rc4  1/2-1/2

[Event "ch-SWE"]
[Site "Lund SWE"]
[Date "2010.07.04"]
[Round "2"]
[White "Eriksson,A"]
[Black "Vas,P SWE"]
[Result "1-0"]
[WhiteElo "2311"]
[BlackElo "2305"]

1.Nf3 d5 2.g3 Nf6 3.Bg2 e6 4.O-O Be7 5.d4 O-O 6.c4 dxc4 7.Qc2 a6 8.Qxc4 b5
9.Qc2 Bb7 10.Bd2 Be4 11.Qc1 Bb7 12.Bf4 Nd5 13.Nbd2 Nxf4 14.gxf4 Qd6 15.Nb3 Nd7
16.Rd1 Rfd8 17.Na5 Bd5 18.Ne1 Bxg2 19.Nxg2 Qb6 20.Nc6 Re8 21.Qc2 Bf8 22.Rac1 Rac8
23.Qe4 Nf6 24.Qf3 Nd5 25.a3 a5 26.e4 Ne7 27.e5 Nxc6 28.Qxc6 Red8 29.Ne3 Qxc6
30.Rxc6 Rd7 31.Kg2 Rcd8 32.Nc2 Be7 33.Kf3 Kf8 34.Ke4 g6 35.Rd3 Bh4 36.Ke3 Rb8
37.Rdc3 Rb7 38.Ra6 a4 39.Nb4 Kg7 40.Nd3 Be7 41.Rcc6 Kh6 42.Ra8 Kh5 43.Rh8 h6
44.f5 exf5 45.e6 fxe6 46.Nf4+ Kg5 47.Rxe6 Rb6 48.h4+ Kg4 49.f3+ Kg3 50.Rxb6 cxb6
51.Rxh6 Bd6 52.Rxg6+ Kxh4 53.Ne6 b4 54.axb4 Bxb4 55.Kf4 Bd2+ 56.Kxf5 Bc1
57.Rg2 Rd5+ 58.Ke4 Rb5 59.Nf4 Bxf4 60.Kxf4 Kh3 61.Rd2 Rd5 62.Ke4 Rd8 63.d5 b5
64.Ke5 Kg3 65.Rd3 Kf2 66.f4 Ke2 67.Rd4 Ke3 68.Rb4 Re8+ 69.Kf6 Rd8 70.Ke6 Re8+
71.Kd6 Rf8 72.Kc6 Rf5 73.d6 Rf6 74.Kc7  1-0

[Event "Heart of Finland"]
[Site "Jyvaskyla FIN"]
[Date "2010.07.05"]
[Round "1"]
[White "Novik,Ma"]
[Black "Turunen,T"]
[Result "1-0"]
[WhiteElo "2475"]
[BlackElo "2011"]

1.Nf3 d5 2.g3 Nf6 3.Bg2 c5 4.O-O Nc6 5.d4 e6 6.c4 b6 7.Ne5 Bb7 8.Qa4 Rc8
9.cxd5 exd5 10.Nc3 Bd6 11.Bg5 cxd4 12.Nxc6 Bxc6 13.Qxd4 Be7 14.Rad1 O-O 15.Qd3 Ne4
16.Bxe7 Qxe7 17.Nxd5 Bxd5 18.Qxd5 Nf6 19.Qb5 Rc5 20.Qd3 Rfc8 21.Bf3 g6 22.Rd2 Qc7
23.Rfd1 Rc2 24.Kg2 Rxd2 25.Rxd2 Kg7 26.Qd4 Qc4 27.Qxc4 Rxc4 28.e3 Ne4 29.Rd7 Nc5
30.Rxf7+ Kxf7 31.Bd5+ Kf6 32.Bxc4 Na4 33.b3 Nc3 34.a4 Ke5 35.Bd3 Kd5 36.f4 Kc5
37.Kf3 Kb4 38.Bc2 Ka3 39.e4 Kb2 40.f5 gxf5 41.exf5 Nd5 42.Bd1  1-0

[Event "FSIM July"]
[Site "Budapest HUN"]
[Date "2010.07.06"]
[Round "4"]
[White "Berczes,C"]
[Black "Virag,A"]
[Result "1/2-1/2"]
[WhiteElo "2384"]
[BlackElo "2258"]

1.Nf3 d5 2.g3 f5 3.Bg2 Nf6 4.O-O e6 5.d3 Bd6 6.Bf4 O-O 7.Nbd2 Nc6 8.Bxd6 Qxd6
9.e4 Qb4 10.Qc1 fxe4 11.dxe4 Bd7 12.c3 Qb6 13.Qc2 Rae8 14.h3 g6 15.e5 Nh5
16.Kh2 Nd8 17.Nd4 c5 18.N4b3 c4 19.Nd4 Nc6 20.N2f3 Ng7 21.Rad1 Nf5 22.Qe2 Qc7
23.Rfe1 Re7 24.Nb5 Qb8 25.Nfd4 a6 26.Na3 Nfxd4 27.cxd4 b5 28.f4 b4 29.Nc2 b3
30.axb3 Qxb3 31.Ne3 Qb6 32.Ng4 Rb8 33.f5 gxf5 34.Nf6+ Kh8 35.Rd2 Rg7 36.Rf1 Ne7
37.Qe3 Ng8 38.Nh5 Rg6 39.Qf4 Qb4 40.Rf3 Qe7 41.Qe3 Rb3 42.Qf2 Rxf3 43.Qxf3 Qb4
44.Rf2 Qe1 45.g4 Rg5 46.Qf4 h6 47.Nf6 Nxf6 48.exf6 Kh7 49.Rf1 Qb4 50.Qc7 Qb5
51.Qd6 Kg8 52.Kh1 Qc6 53.Qe7 Be8 54.gxf5 Bf7 55.Qd8+ Kh7 56.Qf8 Qd7 57.Re1 Rg8
58.fxe6 Rxf8 59.exd7 Rd8 60.Re5 Kg6 61.Bxd5 Rxd7 62.Bxf7+ Kxf7 63.d5 Kxf6
64.Re6+ Kg5 65.Rxa6 Rxd5  1/2-1/2

[Event "ch-SWE"]
[Site "Lund SWE"]
[Date "2010.07.06"]
[Round "4"]
[White "Eriksson,A"]
[Black "Hector,J"]
[Result "0-1"]
[WhiteElo "2311"]
[BlackElo "2584"]

1.Nf3 d5 2.g3 Nc6 3.d4 Bg4 4.Bg2 e6 5.O-O Be7 6.c4 Bf6 7.e3 Nge7 8.h3 Bf5
9.Nc3 Bg6 10.Qe2 O-O 11.Rd1 Re8 12.b3 Qd7 13.Bb2 Rad8 14.Nh2 h5 15.f4 Nf5
16.g4 hxg4 17.hxg4 Ncxd4 18.Qd2 Nxe3 19.Qxe3 Nc2 20.Qxa7 b6 21.cxd5 Nxa1
22.Bxa1 Qd6 23.Ne2 Bxa1 24.Rxa1 Bd3 25.Nc1 Bb5 26.a4 Ra8 27.Qb7 Qc5+ 28.Kh1 exd5
29.Nf3 Ba6  0-1

[Event "38th TCh-GRE DivA"]
[Site "Peristeri GRE"]
[Date "2010.07.06"]
[Round "2"]
[White "Hadzimanolis,A"]
[Black "Postny,E"]
[Result "0-1"]
[WhiteElo "2341"]
[BlackElo "2577"]

1.Nf3 d5 2.g3 Bg4 3.Bg2 Nc6 4.d3 e5 5.Nbd2 f6 6.c4 d4 7.h3 Be6 8.O-O Qd7
9.Kh2 Nh6 10.a3 a5 11.Ne4 Nf7 12.e3 Be7 13.exd4 exd4 14.b3 O-O 15.Rb1 h6
16.Ned2 Bf5 17.Ne1 Bh7 18.f4 Kh8 19.Ndf3 g5 20.Nc2 gxf4 21.Bxf4 Nce5 22.Nxe5 fxe5
23.Bc1 c6 24.Qh5 Qe6 25.Be4 Bxe4 26.dxe4 Kg7 27.Bb2 Qg6 28.Qxg6+ Kxg6 29.Rf5 Bf6
30.c5 Ng5 31.Rbf1 Nxe4 32.g4 Nxc5 33.Nxd4 exd4 34.Rxc5 Rfe8 35.Kg2 Re2+ 36.Rf2 Rae8
37.Bc1 d3 38.Rh5 Bd4 39.Rxh6+ Kg7 40.Rxe2 dxe2  0-1

[Event "IsBank TCh-TUR"]
[Site "Konya TUR"]
[Date "2010.07.07"]
[Round "11"]
[White "Sengul,C"]
[Black "Korkmaz,N"]
[Result "1-0"]
[WhiteElo "2188"]
[BlackElo "2199"]

1.Nf3 d5 2.g3 Nf6 3.Bg2 g6 4.c4 c6 5.Qa4 Nbd7 6.cxd5 cxd5 7.d4 Bg7 8.O-O O-O
9.Na3 Nb6 10.Qb4 Bf5 11.Bf4 Nh5 12.Be3 Rc8 13.Rfc1 Qd7 14.Ne5 Qe6 15.Qa5 f6
16.Nf3 a6 17.Rc5 Be4 18.g4 Bxf3 19.Bxf3 f5 20.Rxc8 Rxc8 21.gxh5 g5 22.Bxg5 Bxd4
23.Rd1 Bxb2 24.Qb4 Bf6 25.Be3 d4 26.Bxd4 Rd8 27.e3 Nd5 28.Qb3 Rd6 29.Bxf6 Nxf6
30.Rxd6  1-0

[Event "38th TCh-GRE DivA"]
[Site "Peristeri GRE"]
[Date "2010.07.07"]
[Round "3"]
[White "Malikentzou,N"]
[Black "Pahaki,H"]
[Result "1-0"]
[WhiteElo "1610"]
[BlackElo "1692"]

1.Nf3 d5 2.g3 c6 3.Bg2 Bg4 4.d4 Nd7 5.Nbd2 e6 6.O-O Bd6 7.c4 Ne7 8.b3 O-O
9.Bb2 a5 10.e4 b5 11.c5 Bc7 12.Qc2 dxe4 13.Nxe4 Nd5 14.a3 Bf5 15.Nh4 Bxe4
16.Bxe4 N7f6 17.Rfe1 Nxe4 18.Qxe4 a4 19.b4 Qc8 20.Nf3 Bd8 21.Ne5 Bf6 22.Rad1 Ra7
23.Ng4 Rd7 24.Rd3 Rfd8 25.Rf3 Re8 26.Ne5 Bxe5 27.Qxe5 Ne7 28.d5 f6 29.Qxe6+ Kh8
30.d6  1-0

[Event "XII Open"]
[Site "Torredembarra ESP"]
[Date "2010.07.07"]
[Round "5"]
[White "Gonzalez Rodriguez,Jo"]
[Black "Pozo Vera,S"]
[Result "1/2-1/2"]
[WhiteElo "1846"]
[BlackElo "2453"]

1.Nf3 d5 2.g3 Nf6 3.Bg2 e6 4.d3 b6 5.Nbd2 Bb7 6.O-O Nbd7 7.e4 dxe4 8.Ng5 Be7
9.Ndxe4 Nxe4 10.Nxe4 O-O 11.Nf6+ Nxf6 12.Bxb7 Rb8 13.Bf3 Qd7 14.Bd2 c5 15.a4 a5
16.Re1 Rfd8 17.Qe2 c4  1/2-1/2

[Event "Heart of Finland"]
[Site "Jyvaskyla FIN"]
[Date "2010.07.08"]
[Round "5"]
[White "Novik,Ma"]
[Black "Gavrilov,Al1"]
[Result "1/2-1/2"]
[WhiteElo "2475"]
[BlackElo "2493"]

1.Nf3 d5 2.g3 Nf6 3.Bg2 Nbd7 4.O-O e5 5.c4 e4 6.Ne1 dxc4 7.Qa4 Bd6 8.Qxc4 Qe7
9.Qc2 O-O 10.Nc3 Re8 11.d3 exd3 12.Nxd3 c6 13.Bf4 Bxf4 14.Nxf4 Ne5 15.Rad1 Be6
16.Nxe6 Qxe6 17.b3 Rad8 18.Na4 h5 19.Nc5 Qe7 20.b4 h4 21.a3 hxg3 22.hxg3 Nfg4
23.Qf5 g6 24.Qf4 Kg7 25.Bh3 b6 26.Nb3 Nf6 27.Bg2 c5 28.bxc5 bxc5 29.Qe3 c4
30.Nd4 Nfg4 31.Qc3 Qf6 32.f4 Nd3 33.exd3 Qxd4+ 34.Qxd4+ Rxd4 35.dxc4 Rxc4
36.Rd3 Re3 37.Rxe3 Nxe3 38.Rf3 Rc1+ 39.Bf1 Nxf1 40.Rxf1 Rc3 41.Kg2 Rxa3 42.Rc1 a5
43.Rc6 a4 44.Ra6 Ra1 45.Kf3 a3 46.Kg2 Kh6 47.Kf3 f6 48.Ra7 a2 49.Kg2 Kh5
50.Ra3 Kg4 51.Kh2 Rb1 52.Rxa2 Rb3 53.Rg2 Ra3 54.Rg1 Ra8 55.Rg2 Kf3 56.Rb2 Kg4
57.Kg2 Ra3 58.Rb6 Ra2+ 59.Kf1 Kf3 60.Ke1 Ra1+ 61.Kd2 g5 62.Rxf6 g4 63.Rg6 Kxg3
64.f5 Rf1 65.f6 Kh3 66.Ke3 g3 67.Ke4 g2 68.Ke5 g1=Q 69.Rxg1 Rxg1 70.f7 Rf1  1/2-1/2